000 00502nam a2200193Ia 4500
005 20240913125759.0
008 240913s9999||||xx |||||||||||||| ||und||
020 _a978-81-86514-29-0
041 _aENGLISH
082 _A623.45194 Q0
100 _aArora V K
245 0 _aProximity Fuzes Theory and Techniques
250 _a1st
260 _c2010
_bDefence Research and Development Organis
500 _aREFERENCE
650 _aGeneral
_bAerospace Engineering
942 _cREF
999 _c246256
_d246256